| 000 | 01425cam a2200349 i 4500 | ||
|---|---|---|---|
| 999 |
_c2891 _d2891 |
||
| 001 | 18810295 | ||
| 003 | OSt | ||
| 005 | 20230911084356.0 | ||
| 008 | 151007t20142014enka 001 0 eng | ||
| 010 | _a 2015487034 | ||
| 020 | _a9781107644960 (paperback) | ||
| 020 | _a1107644968 (paperback) | ||
| 040 |
_aDLC _beng _erda _cDLC _dDLC _dKH8 |
||
| 042 | _apcc | ||
| 082 | 0 | 0 |
_a820.9 WHI _223 |
| 100 | 1 |
_aWhittome, Elizabeth, _eauthor. |
|
| 245 | 1 | 0 |
_aCambridge International AS and A level. _pLiterature in English / _cElizabeth Whittome. |
| 246 | 3 | 0 | _aLiterature in English |
| 264 | 1 |
_aCambridge : _bCambridge University Press, _c2014. |
|
| 264 | 4 | _c©2014 | |
| 300 |
_avii, 280 pages : _billustrations (some color) ; _c28 cm |
||
| 336 |
_atext _2rdacontent |
||
| 337 |
_aunmediated _2rdamedia |
||
| 338 |
_avolume _2rdacarrier |
||
| 500 | _a"Completely Cambridge, Cambridge resources for Cambridge qualifications"--Cover. | ||
| 500 | _a"This Cambridge International AS and A Level Literature in English Coursebook is supported by free online teaching resources. Go to education.cambridge.org to access these"- Page 4 of cover. | ||
| 500 | _aIncludes index. | ||
| 650 | 0 |
_aEnglish literature _xStudy and teaching (Secondary) |
|
| 650 | 0 |
_aEnglish literature _xHistory and criticism _xTheory, etc. |
|
| 710 | 2 |
_aUniversity of Cambridge. _bLocal Examinations Syndicate. _bInternational Examinations. |
|
| 942 |
_2ddc _cTR |
||